| 000 | 01359nam a2200325Ia 4500 | ||
|---|---|---|---|
| 001 | ebr10251676 | ||
| 003 | CaPaEBR | ||
| 006 | m u | ||
| 007 | cr cn||||||||| | ||
| 008 | 080310s2008 mauab sb 001 0 eng d | ||
| 010 | _z 2008008743 | ||
| 020 | _z9780262083737 | ||
| 020 | _z0262083736 | ||
| 040 |
_aCaPaEBR _cCaPaEBR |
||
| 035 | _a(OCoLC)259741813 | ||
| 050 | 1 | 4 |
_aS541.5.C2 _bH46 2008eb |
| 100 | 1 |
_aHenke, Christopher, _d1969- |
|
| 245 | 1 | 0 |
_aCultivating science, harvesting power _h[electronic resource] : _bscience and industrial agriculture in California / _cChristopher R. Henke. |
| 260 |
_aCambridge, MA : _bMIT Press, _cc2008. |
||
| 300 |
_axi, 226 p. : _bill., map. |
||
| 490 | 1 | _aInside technology | |
| 504 | _aIncludes bibliographical references (p. [199]-215) and index. | ||
| 533 |
_aElectronic reproduction. _bPalo Alto, Calif. : _cebrary, _d2009. _nAvailable via World Wide Web. _nAccess may be limited to ebrary affiliated libraries. |
||
| 650 | 0 |
_aAgriculture _xResearch _zCalifornia _zSalinas River Valley. |
|
| 650 | 0 |
_aAgricultural productivity _zCalifornia _zSalinas River Valley. |
|
| 655 | 7 |
_aElectronic books. _2local |
|
| 710 | 2 | _aebrary, Inc. | |
| 830 | 0 | _aInside technology. | |
| 856 | 4 | 0 |
_uhttp://site.ebrary.com/lib/rucke/Doc?id=10251676 _zAn electronic book accessible through the World Wide Web; click to view |
| 999 |
_c35921 _d35921 |
||